| 000 | 00844cam a22002891 4500 | ||
|---|---|---|---|
| 001 | 8806 | ||
| 003 | BD-RjUL | ||
| 005 | 20211208234645.0 | ||
| 008 | 140119s1965 enka b 000 0 eng | ||
| 035 | _a(BD-RjUL)8851 | ||
| 035 | _a(OCoLC)564458 | ||
| 040 |
_aDLC _cODaWU _dOCoLC _dUk _dDLC _dBD-RjUL _beng |
||
| 041 | _aeng | ||
| 082 |
_a629.4 _bEVO 1965 |
||
| 100 | 1 |
_aEvans, F. T. _927375 |
|
| 245 | 1 | 0 |
_aOutlook on space / _cby F. T. Evans and H. D. Howard. |
| 260 |
_aLondon : _bG. Allen & Unwin, _cc1965 |
||
| 300 |
_a179 p. : _billus. ; _c23 cm. |
||
| 504 | _aBibliography: p. 175. | ||
| 650 | 0 |
_aAstronautics _xResearch. _927376 |
|
| 650 | 0 |
_aSpace law. _913288 |
|
| 651 | 0 |
_aOuter space _xExploration. _927377 |
|
| 700 | 1 |
_aHoward, Helen Dana, _ejoint author. _927378 |
|
| 942 |
_2ddc _cBK |
||
| 999 |
_c8806 _d8806 |
||